| 000 | 00541nam a22001817a 4500 | ||
|---|---|---|---|
| 999 |
_c57794 _d57794 |
||
| 005 | 20221107162845.0 | ||
| 008 | 201207r2003 enk||||| |||| 00| 0 eng d | ||
| 020 | _a9780141010649 X | ||
| 041 | _aeng | ||
| 080 | _a61 P-85 | ||
| 100 |
_aPorter, Roy _99853 |
||
| 245 |
_aBlood and Guts : _bA Short History of Medicine / _cRoy Porter |
||
| 264 |
_aLondon : _bPenguin Books Ltd, _c2003. |
||
| 300 |
_a 224 p. _b20 cm. |
||
| 653 | _aმედიცინა | ||
| 653 | _aსისხლის მიმოქცევა | ||
| 942 |
_2udc _cBK |
||